[Event "3rd Banco di Roma"]
[Site "Rome ITA"]
[Date "1979.03.??"]
[Round "4"]
[White "Keene, Raymond Dennis"]
[Black "Pinter, Jozsef"]
[Result "1/2-1/2"]
[WhiteElo "2465"]
[BlackElo "2445"]
[EventDate "1979.03.18"]
[PlyCount "26"]

1.d4 Nf6 2.c4 e6 3.Nc3 Bb4 4.e3 c5 5.Ne2 cxd4 6.exd4 O-O 7.a3 Be7 8.d5 
exd5 9.cxd5 Bc5 10.Ng3 Qb6 11.Qf3 d6 12.Be2 Nbd7 13.O-O Ne5 1/2-1/2

[Event "3rd Banco di Roma"]
[Site "Rome ITA"]
[Date "1979.03.??"]
[Round "8"]
[White "Coppini, Giorgio"]
[Black "Keene, Raymond Dennis"]
[Result "0-1"]
[WhiteElo "2285"]
[BlackElo "2465"]
[EventDate "1979.03.18"]
[PlyCount "46"]

1.Nf3 d6 2.d4 Bg4 3.c4 Nf6 4.Qb3 Qc8 5.g3 Nc6 6.Nbd2 e5 7.Qe3 Qf5 8.a3 
Bxf3 9.Nxf3 Ng4 10.Qb3 Nxd4 11.Qxb7 Nc2+ 12.Kd2 Nxa1 13.Qxa8+ Kd7 14.Ne1 
Nb3+ 15.Kc3 Nxc1 16.Nd3 Nxd3 17.exd3 Nxf2 18.Rg1 e4 19.Bg2 g6 20.Qxa7 Bg7+
21.Kd2 Bh6+ 22.Kc2 exd3+ 23.Kb3 d2 0-1

[Event "3rd Banco di Roma"]
[Site "Rome ITA"]
[Date "1979.03.??"]
[Round "9"]
[White "Keene, Raymond Dennis"]
[Black "Mariotti, Sergio"]
[Result "1/2-1/2"]
[WhiteElo "2465"]
[BlackElo "2485"]
[EventDate "1979.03.18"]
[PlyCount "86"]

1.d4 Nf6 2.c4 e6 3.Nc3 Bb4 4.e3 c5 5.Ne2 cxd4 6.exd4 d5 7.c5 e5 8.a3 Bxc3+
9.Nxc3 exd4 10.Qxd4 O-O 11.Bg5 Nc6 12.Qh4 Re8+ 13.Be2 d4 14.Bxf6 Qxf6 15.
Qxf6 gxf6 16.Nd5 Re5 17.Nxf6+ Kg7 18.Nh5+ Kh6 19.Nf4 Bf5 20.O-O Re4 21.g3 
Rg8 22.Kh1 d3 23.Bf3 Ne5 24.Bxe4 Bxe4+ 25.f3 Nxf3 26.Kg2 Ne5+ 27.Kf2 Ng4+ 
28.Ke1 Nxh2 29.Rf2 Nf3+ 30.Rxf3 Bxf3 31.Kf2 Be4 32.Rd1 Kg5 33.Nxd3 Rd8 34.
Ke3 f5 35.b4 Bc6 36.Rg1 Re8+ 37.Kf2 Re6 38.Rd1 Rh6 39.Ne5 Rh2+ 40.Ke3 Ra2 
41.Nxc6 bxc6 42.Rd3 a6 43.Kd4 Re2 1/2-1/2

[Event "3rd Banco di Roma"]
[Site "Rome ITA"]
[Date "1979.03.??"]
[Round "11"]
[White "Pinter, Jozsef"]
[Black "Passerotti, Pierluigi"]
[Result "1-0"]
[WhiteElo "2445"]
[BlackElo "2340"]
[EventDate "1979.03.18"]
[PlyCount "79"]

1.d4 Nf6 2.c4 e6 3.Nc3 d5 4.Nf3 Be7 5.Bg5 O-O 6.e3 Nbd7 7.Rc1 c6 8.Qc2 h6 
9.Bh4 dxc4 10.Bxc4 c5 11.O-O cxd4 12.Nxd4 Nb6 13.Be2 Nfd5 14.Bg3 Bd7 15.
Bf3 Rc8 16.Qe2 Nxc3 17.bxc3 Na4 18.c4 Nc5 19.Rcd1 Ba4 20.Nxe6 Bxd1 21.Rxd1
fxe6 22.Rxd8 Rcxd8 23.Bg4 Bf6 24.h4 Rd7 25.Qc2 Kf7 26.Qh7 Ke7 27.Qb1 Rc8 
28.Qg6 Nd3 29.e4 Rc6 30.Bh5 e5 31.Qe8+ Kd6 32.Qf8+ Re7 33.Qb8+ Rec7 34.Bf7
Nb4 35.a3 Na6 36.Qf8+ Re7 37.f4 Rc7 38.fxe5+ Bxe5 39.Qxg7 Bxg3 40.Qxg3+ 
1-0

[Event "3rd Banco di Roma"]
[Site "Rome ITA"]
[Date "1979.03.??"]
[Round "11"]
[White "Toth, Bela"]
[Black "Cappello, Renato"]
[Result "1/2-1/2"]
[WhiteElo "2470"]
[BlackElo "2405"]
[EventDate "1979.03.18"]
[PlyCount "68"]

1.d4 e6 2.c4 Bb4+ 3.Nd2 d5 4.Qc2 Nf6 5.Nf3 O-O 6.g3 c5 7.a3 Bxd2+ 8.Bxd2 
cxd4 9.Nxd4 dxc4 10.Qxc4 e5 11.Nc2 Be6 12.Qa4 Qd5 13.f3 b5 14.Qa5 Nc6 15.
Ne3 Qd7 16.Qxb5 Rab8 17.Qd3 Qxd3 18.exd3 Rxb2 19.Nd1 Rb3 20.Kf2 Nd4 21.Be2
Rc8 22.Rc1 Nd5 23.Ne3 Rb2 24.Rxc8+ Bxc8 25.Nc4 Ra2 26.Rb1 Nb6 27.Rb2 Rxb2 
28.Nxb2 Nxe2 29.Kxe2 Nd5 30.Na4 Kf8 31.Nc5 Ke7 32.d4 exd4 33.Kd3 Nc7 34.
Kxd4 Ne6+ 1/2-1/2